000 00763nam a22001935i 4500
001 156686
003 ES-MaACL
005 20230906210455.0
008 040803s1884 fr |||| | fre d
040 _aCAM
_bspa
_cCAM
100 1 _aKussmaul, Ad.
_9128500
245 1 4 _aLes troubles de la parole /
_cpar Ad. Kausmaul; traduction française augmentée de notes par A. Rueff; précédée d'une introduction par B. Ball.
260 _aParis :
_bLibrairie J.-B. Baillière et fils,
_c1884 (
_eSaint-Quentin :
_fImprimerie Jules Moureau et fils)
300 _aXV, 375 p. ;
_c22 cm.
650 4 _aLenguaje-
_xTrastornos.
_914347
700 1 _aRueff, A.,
_etrad.
_9132161
700 1 _aBall, B.,
_epr.
_924950
852 4 _aES-MaACL
_jF-13198
_z-- Enc. pasta española
999 _c156686
_d156686